<?xml version="1.0" encoding="UTF-8"?>
<collection xmlns:xsi="http://www.w3.org/2001/XMLSchema-instance" xsi:schemaLocation="http://www.loc.gov/MARC21/slim http://www.loc.gov/standards/marcxml/schema/MARC21slim.xsd" xmlns="http://www.loc.gov/MARC21/slim">
 <record>
  <leader>00000cmm a22000004a 4500</leader>
  <controlfield tag="001">UP-99796217610787412</controlfield>
  <controlfield tag="003">Buklod</controlfield>
  <controlfield tag="005">20250113090704.0</controlfield>
  <controlfield tag="006">m     o  j        </controlfield>
  <controlfield tag="007">cr |n |||auu|a</controlfield>
  <controlfield tag="008">250113s2004    pau    go  j        eng| </controlfield>
  <datafield tag="020" ind1=" " ind2=" ">
   <subfield code="a">9781591401315</subfield>
  </datafield>
  <datafield tag="035" ind1=" " ind2=" ">
   <subfield code="a">(iLib)UPD-00199203798</subfield>
  </datafield>
  <datafield tag="040" ind1=" " ind2=" ">
   <subfield code="a">DLC</subfield>
   <subfield code="b">eng</subfield>
   <subfield code="d">DMLR</subfield>
   <subfield code="e">rda</subfield>
  </datafield>
  <datafield tag="041" ind1=" " ind2=" ">
   <subfield code="a">eng</subfield>
  </datafield>
  <datafield tag="042" ind1=" " ind2=" ">
   <subfield code="a">DMLUC</subfield>
  </datafield>
  <datafield tag="084" ind1=" " ind2=" ">
   <subfield code="a">JF1525.A8</subfield>
   <subfield code="b">E87 2004</subfield>
  </datafield>
  <datafield tag="245" ind1="0" ind2="0">
   <subfield code="a">eTransformation in governance</subfield>
   <subfield code="b">new directions in government and politics</subfield>
   <subfield code="c">edited by Matti Malkia, Ari-Veikko Anttiroiko, and Reijo Savolainen.</subfield>
  </datafield>
  <datafield tag="264" ind1=" " ind2="1">
   <subfield code="a">Hershey, Pa.</subfield>
   <subfield code="b">Idea Group Pub.</subfield>
   <subfield code="c">c2004.</subfield>
  </datafield>
  <datafield tag="300" ind1=" " ind2=" ">
   <subfield code="a">1 online resource</subfield>
   <subfield code="b">illustrations</subfield>
  </datafield>
  <datafield tag="336" ind1=" " ind2=" ">
   <subfield code="a">text</subfield>
   <subfield code="2">rdacontent</subfield>
  </datafield>
  <datafield tag="337" ind1=" " ind2=" ">
   <subfield code="a">computer</subfield>
   <subfield code="2">rdamedia</subfield>
  </datafield>
  <datafield tag="338" ind1=" " ind2=" ">
   <subfield code="a">online resource</subfield>
   <subfield code="2">rdacarrier</subfield>
  </datafield>
  <datafield tag="505" ind1="0" ind2=" ">
   <subfield code="a">section 1. Introduction. ch 1. eTransformation in government, politics and society : conceptual framework and introduction ; ch 2. Introduction to democratic e-governance -- section 2. Involving citizens. ch 3. Teledemocratic innovations that public officials ignore-- at our great peril ; ch 4. Public involvement in public administration in the information age : speculations on the effects of technology ; ch 5. ICTs and the communicative conditions for democracy : a local experiment with web-mediated civic publicness -- section 3. Restructuring public administration. ch 6. Public administration for a democratic society : instilling public trust through greater collaboration with citizens ; ch 7. Bureaucratic discretion and deliberative democracy ; ch 8. The moderator in government-initiated internet discussions : facilitator or source of bias? -- section 4. Building urban and regional communities. ch 9. Metropolitan governance and telecommunications policy : changing perceptions of place and local governance in the information society ; ch 10. Building regional communities in an information age : the case of Greater Western Sydney ; ch 11. Responding to the information needs of citizens in an open society : the role of smart communities -- section 5. Citizen access to information in the information age. ch 12. What's new? : perspectives on freedom of information and the internet ; ch 13. Bridging the digital divide : developments in Scotland ; ch 14. Globalization, citizenship and new information technologies : from the MAI to Seattle.</subfield>
  </datafield>
  <datafield tag="520" ind1=" " ind2=" ">
   <subfield code="a">Provides conceptual clarification of the e-transformation in governance, and presents empirical findings on the recent developments in Western countries.</subfield>
  </datafield>
  <datafield tag="650" ind1=" " ind2="0">
   <subfield code="a">Internet in public administration.</subfield>
  </datafield>
  <datafield tag="700" ind1="1" ind2=" ">
   <subfield code="a">Malkia, Matti</subfield>
   <subfield code="e">editor.</subfield>
  </datafield>
  <datafield tag="700" ind1="1" ind2=" ">
   <subfield code="a">Anttiroiko, Ari-Veikko</subfield>
   <subfield code="e">editor.</subfield>
  </datafield>
  <datafield tag="700" ind1="1" ind2=" ">
   <subfield code="a">Savolainen, Reijo</subfield>
   <subfield code="e">editor.</subfield>
  </datafield>
  <datafield tag="856" ind1="4" ind2="0">
   <subfield code="y">Available for UP System via Gale Virtual Reference Library</subfield>
   <subfield code="u">https://go.gale.com/ps/i.do?p=GVRL&amp;sw=w&amp;u=phdiliman&amp;v=2.1&amp;it=aboutBook&amp;id=GALE%7C4RNO&amp;sid=bookmark-GVRL</subfield>
  </datafield>
  <datafield tag="905" ind1=" " ind2=" ">
   <subfield code="a">FO</subfield>
  </datafield>
  <datafield tag="852" ind1="0" ind2=" ">
   <subfield code="a">UPD</subfield>
   <subfield code="b">DMLR</subfield>
   <subfield code="h">JF 1525 A8</subfield>
   <subfield code="i">E87 2004eb</subfield>
  </datafield>
  <datafield tag="942" ind1=" " ind2=" ">
   <subfield code="a">Electronic Resource</subfield>
  </datafield>
 </record>
</collection>
